Cathay Pacific Destinations on a Map - Statistics

General Stats
  • This quiz has been taken 274 times
  • The average score is 65 of 75
Answers on the Map
Answers color-coded by a green-red scale on the quiz's map according to % correct below.
 
Answer Stats
Answer % Correct
Japan Tokyo
99%
China Beijing
98%
Hong Kong Hong Kong
98%
United Kingdom London
98%
France Paris
98%
Thailand Bangkok
97%
UAE Dubai
97%
United States New York
97%
South Korea Seoul
97%
Australia Sydney
97%
The Netherlands Amsterdam
96%
Spain Barcelona
96%
United States Los Angeles
96%
Spain Madrid
96%
United Kingdom Manchester
96%
Philippines Manila
96%
Australia Melbourne
96%
Japan Osaka
96%
China Shanghai
96%
Taiwan Taipei
96%
New Zealand Auckland
95%
United States Chicago
95%
India Delhi
95%
India Mumbai
95%
Germany Munich
95%
Canada Toronto
95%
United States Boston
94%
Belgium Brussels
94%
Germany Frankfurt
94%
Vietnam Ho Chi Minh City
94%
Italy Milan
94%
United States San Francisco
94%
Canada Vancouver
94%
Indonesia Jakarta
93%
Malaysia Kuala Lumpur
93%
Australia Perth
93%
United States Dallas
92%
Vietnam Hanoi
92%
Singapore Singapore
92%
Switzerland Zurich
92%
China Guangzhou
91%
South Africa Johannesburg
91%
Australia Brisbane
90%
Saudi Arabia Riyadh
90%
Bangladesh Dhaka
88%
Sri Lanka Colombo
87%
Nepal Kathmandu
86%
New Zealand Christchurch
85%
Japan Nagoya
85%
Japan Sapporo
84%
China Chengdu
83%
China Chongqing
83%
Indonesia Denpasar
83%
Philippines Cebu
82%
India Bangalore
80%
Cambodia Phnom Penh
80%
Thailand Phuket
80%
China Xiamen
79%
China Wuhan
78%
India Chennai
76%
Japan Fukuoka
76%
China Xian
76%
India Hyderabad
75%
Australia Cairns
73%
China Hangzhou
72%
China Nanjing
70%
Indonesia Surabaya
70%
Taiwan Kaohsiung
67%
Malaysia Penang
66%
China Fuzhou
64%
China Qingdao
62%
China Haikou
58%
China Ningbo
51%
China Zhengzhou
50%
China Wenzhou
45%
No matching quizzes found
Score Distribution
Percent of People with Each Score
Percentile by Number Answered
Your Score History
You have not taken this quiz